000 01067nam a2200265 a 4500
001 000037656
003 DO-SdBNP
005 20260321073642.0
007 ta
008 081126s2000 dr 000 j spa d
020 _a9789993410482
040 _aDO-SdBNP
_bspa
_cBNPHU
082 _aRD863.44
_bB742c, 2000
100 1 _a Bosch, Juan,
_d1909-2001
_976555
245 1 0 _aCuentos escritos en el exilio /
_cJuan Bosch.
250 _avigésima septima edición
260 _aSanto Domingo :
_bAlfa & Omega,
_c2000.
300 _a279 p. ;
_c21 cm.
505 0 _aApuntes sobre el arte de escribir cuentos --
_tLos amos --
_tEn un bohío /
_rLuis Pie --
_tLa noche buena de Encarnación Rosario --
_tEl funeral --
_tRumbo al puerto de origen --
_tLa desgracia --
_tEl hombre que lloró /
_rVictoriano Segura --
_tLa mancha indeleble --
_tEl indio Manuel Sicuri --
_tCuento de navidad.
590 _aInventariado, 2020/MFF
650 4 _aCuentos dominicanos
_9176
650 4 _aLiteratura dominicana.
_967
910 _aValidado. Control de calidad MMOLINA
942 _2ddc
_cLBS1
999 _c37146
_d37146